[Event "VIE-ch U09"]
[Site "Ho Chi Minh City"]
[Date "2014.07.15"]
[Round "5"]
[White "Do, Ba Lam"]
[Black "Nguyen, Hoang Dat"]
[Result "0-1"]
[WhiteElo "1494"]
[BlackElo "1530"]
[PlyCount "62"]
[EventDate "2014.07.13"]
[EventType "swiss"]
[EventRounds "9"]
[EventCountry "VIE"]
[SourceTitle "EXT 2016"]
[Source "ChessBase"]
[SourceDate "2015.10.08"]
[SourceVersion "1"]
[SourceVersionDate "2015.10.08"]
[SourceQuality "1"]

1. e4 e5 2. Nf3 Nc6 3. Bc4 Bc5 4. d3 h6 5. a3 Nf6 6. h3 0-0 7. Nc3 a6 8. 0-0 d6 9. Re1 Re8 10. Be3 Nd4 11. Nd5 Nxd5 12. Bxd5 Qf6 13. Nxd4 Bxd4 14. Bxd4 exd4 15. Qd2 Rb8 16. Qa5 Bxh3 17. gxh3 Qg5+ 18. Kh1 c6 19. Rg1 Qe5 20. f4 Qh5 21. Qc7 cxd5 22. Qd7 Re6 23. Kh2 dxe4 24. Rae1 Qf3 25. Qc7 Qxf4+ 26. Kh1 Qf3+ 27. Kh2 Rbe8 28. Ref1 Qe2+ 29. Kh1 Qh5 30. h4 Qxh4+ 31. Kg2 Rg6# 0-1

[Event "VIE-ch U09"]
[Site "Ho Chi Minh City"]
[Date "2014.07.13"]
[Round "1"]
[White "Pham, Quang Hung"]
[Black "Do, Ba Lam"]
[Result "1-0"]
[WhiteElo "1902"]
[BlackElo "1494"]
[PlyCount "55"]
[EventDate "2014.07.13"]
[EventType "swiss"]
[EventRounds "9"]
[EventCountry "VIE"]
[SourceTitle "EXT 2016"]
[Source "ChessBase"]
[SourceDate "2015.10.08"]
[SourceVersion "1"]
[SourceVersionDate "2015.10.08"]
[SourceQuality "1"]

1. e4 e5 2. Nf3 Nc6 3. Bc4 h6 4. Nc3 Nf6 5. h3 Bb4 6. d3 Bxc3+ 7. bxc3 d6 8. 0-0 0-0 9. Be3 Re8 10. Qd2 Be6 11. Bb3 Bxb3 12. cxb3 Qd7 13. Nh4 Re6 14. Nf5 Rae8 15. Bxh6 g6 16. Ng7 Rd8 17. Nxe6 Qxe6 18. Bg5 d5 19. exd5 Rxd5 20. Rae1 Nd7 21. f4 Qf5 22. fxe5 Rxd3 23. Rxf5 Rxd2 24. Rxf7 Ndxe5 25. Bxd2 Kxf7 26. Bf4 Nd3 27. Rf1 Nxf4 28. Rxf4+ 1-0